Normal view
MARC view
- OSAMA ALI KHAN
Entry Personal Name
001 - CONTROL NUMBER
- control field: 118441
003 - CONTROL NUMBER IDENTIFIER
- control field: NUST
005 - DATE AND TIME OF LATEST TRANSACTION
- control field: 20231009160826.0
008 - FIXED-LENGTH DATA ELEMENTS
- fixed length control field: 231009|| aca||aabn | a|a d
040 ## - CATALOGING SOURCE
- Original cataloging agency: NUST
- Transcribing agency: NUST
100 ## - HEADING--PERSONAL NAME
- Personal name: OSAMA ALI KHAN
670 ## - SOURCE DATA FOUND
- Source citation: Work cat.: (NUST): OSAMA ALI KHAN, TH-SOF-2212-Z-Number Based Fuzzy Logic Approach for Mobile Robot Navigation, 2023
